000 00654nam a2200253Ia 4500
003 OSt
005 20220918201300.0
006 a|||||r|||| 00| 0
007 ta
008 220917b |||||||| |||| 00| 0 eng d
024 _a92,853
037 _cTextual
040 _aARTS
_cARTS
_beng
041 _2eng
_aeng
082 _aV1:19(X).N9, N1
100 _aGurtov Mel
_997291
245 0 _aGlobal politics in the human interest
250 _a2nd
260 _aBoulder
_bLynne Rienner Pub
_c1991
300 _axiv,271p.
_ccm.
650 _aHISTORY
942 _hV1:19(X).N9, N1
_cTEXL
_2CC
999 _c216504
_d216504